Difference methods for initial-value problems /
Guardado en:
| Autor Principal: | |
|---|---|
| Otros Autores: | |
| Formato: | Libro |
| Idioma: | English |
| Publicado: |
New York :
Interscience Publishers,
c1967.
|
| Edición: | 2nd ed. |
| Series: | Interscience tracts in pure and applied mathematics ;
no. 4. |
| Materias: | |
| Etiquetas: |
Agregar Etiqueta
Sin Etiquetas, Sea el primero en etiquetar este registro!
|
| LEADER | 01149cam a22003015a 4500 | ||
|---|---|---|---|
| 001 | EIQ.libpla003316 | ||
| 008 | 840712s1967####nyua#####b####001#0#eng#d | ||
| 005 | 20071227162135.0 | ||
| 245 | 1 | 0 | |a Difference methods for initial-value problems / |c [by] Robert D. Richtmyer [and] K.W. Morton. |
| 250 | |a 2nd ed. | ||
| 260 | |a New York : |b Interscience Publishers, |c c1967. | ||
| 300 | |a xiv, 405 p. : |b il. ; |c 24 cm. | ||
| 490 | 1 | |a Interscience tracts in pure and applied mathematics ; |v no. 4 | |
| 504 | |a Bibliografía: p. 389-399. | ||
| 500 | |a Incluye índice. | ||
| 100 | 1 | |a Richtmyer, Robert D. | |
| 700 | 1 | |a Morton, K. W. | |
| 830 | 0 | |a Interscience tracts in pure and applied mathematics ; |v no. 4. | |
| 082 | 0 | 0 | |a 530.15/76 |
| 650 | 4 | |a Matemática |x Ecuaciones diferenciales. | |
| 650 | 4 | |a Matemática |x Análisis numérico. | |
| 650 | 4 | |a Matemática |x Problemas de valor inicial. | |
| 650 | 4 | |a Mathematics |x Difference equations. | |
| 650 | 4 | |a Mathematics |x Numerical analysis. | |
| 650 | 4 | |a Mathematics |x Initial value problems. | |
| 010 | |a 67013959 | ||
| 040 | |a DLC/ICU |c ICU |d DLC |d AR-BbSID | ||
| 859 | |a AR-BbSID |b BIB. PLAPIQUI |h 515.35 |i R 429 |p 3673 | ||
